Filmographie Marion Cotillard - Statistiques

Statistiques générales
  • Ce quiz a été pris 104 fois
  • Le résultat moyen est 12 sur 50
Statistiques - réponses
Film % Correct
La môme
82%
Les petits mouchoirs
81%
Taxi
75%
Inception
70%
Taxi 2
65%
Taxi 3
65%
The Dark Knight Rises
62%
Jeux d'enfants
58%
Nous finirons ensemble
51%
De rouille et d'os
50%
Rock'n' Roll
45%
Alliés
40%
Un long dimanche de fiançailles
38%
Deux jours, une nuit
32%
Dikkenek
31%
Public Enemies
27%
Mal de pierres
21%
The Immigrant
21%
Juste la fin du monde
20%
Big Fish
19%
Contagion
19%
Les Jolies Choses
17%
Nine
17%
Assassin's Creed
15%
Les Fantômes d'Ismaël
14%
Gueule d'ange
13%
Blood Ties
11%
Le Dernier Vol
11%
Minuit à Paris
11%
Une grande année
11%
Chloé
10%
Comment je me suis disputé… (ma vie sexuelle)
10%
Macbeth
10%
Ma vie en l'air
8%
La Belle Verte
6%
Edy
4%
Furia
4%
Cavalcade
2%
La boîte noire
2%
L'Histoire du garçon qui voulait qu'on l'embrasse
2%
Du bleu jusqu'en Amérique
1%
Fair Play
1%
Innocence
1%
Lisa
1%
Mary
1%
Sauf le respect que je vous dois
1%
Toi et moi
1%
La Guerre dans le Haut Pays
0%
Légendes Vivantes
0%
Une affaire privée
0%
Aucun quiz correspondant
Distribution des résultats
% des personnes avec chaque résultat
Percentile par nombre de réponses
Votre historique - résultats
Vous n’avez pas pris ce quiz